Rǧimen fiscal de los ingresos por actividades empresariales y profesionales Personas fs̕icas 2014 /

Bibliographic Details
Main Author: Přez Chavez, Još
Other Authors: Fol Olguin, Raymundo
Format: eBook
Language:Spanish
Published: Mx̌ico DF: Tax Editores, 2014
Subjects:
Online Access:Acceso restringido

MARC

LEADER 00000nam a22000007a 4500
005 20141230224719.0
007 cr|||| ||||
008 141230s2014 mx |||||s|||| 00||0 spa d
020 |a 9786074-406856 
035 |a 12534 
040 |a vLex 
090 |c 5311  |d 5311 
100 1 |a Přez Chavez, Još 
245 1 0 |a Rǧimen fiscal de los ingresos por actividades empresariales y profesionales  |h [Recurso electrn̤ico] :  |b Personas fs̕icas 2014 /  |c Jos ̌Přez Chavez, Raymundo Fol Olguin 
256 |a Servicio en ln̕ea 
260 |a Mx̌ico DF:  |b Tax Editores,  |c 2014 
300 |a 1 recurso electrn̤ico 
500 |a Con la finalidad de llevar de la mano a los contribuyentes que perciben ingresos por actividades empresariales o profesionales (honorarios) en el cumplimiento de sus obligaciones fiscales y en la correcta determinacin̤ de sus impuestos, presentamos esta obra que permitir ̀al lector conocer, entender y aplicar de inmediato las disposiciones fiscales contenidas en las leyes de los impuestos sobre la Renta, al Valor Agregado, as ̕como el Cd̤igo Fiscal de la Federacin̤, la Resolucin̤ Miscelǹea Fiscal vigente y decretos, que deberǹ atender los contribuyentes de referencia. Mediante la reforma fiscal para el ejercicio de 2014, el H. Congreso de la Unin̤ aprob ̤una nueva LISR, en vigor a partir del 1o. de enero de 2014. Esta nueva Ley abrog ̤la anterior, publicada en el DOF el 1o. de enero de 2002. La presente obra se encuentra totalmente actualizada con esta nueva Ley. Asimismo, mediante esa reforma fiscal se efectuaron modificaciones importantes a la LIVA y al CFF, las cuales se comentan en esta obra. El 26 de diciembre de 2013, la SHCP dio a conocer en el DOF el Decreto que compila diversos beneficios fiscales y establece medidas de simplificacin̤ administrativa, el cual entr ̤en vigor el 1o. de enero de 2014. El Decreto incluye diversos beneficios y estm̕ulos fiscales vigentes, organizados por materias, a saber: ISR, IVA y CFF, entre otras. Este libro complementa con diversos casos prc̀ticos los temas que se tratan en cada uno de los capt̕ulos, lo que permite al lector una mejor comprensin̤. El presente material est ̀dirigido a los responsables del cumplimiento de las obligaciones fiscales de las personas fs̕icas que perciben ingresos por la realizacin̤ de actividades empresariales o profesionales (honorarios), a los maestros de impuestos, a los estudiantes de la materia fiscal, a las citadas personas que se interesen en saber cm̤o cumplir adecuadamente sus obligaciones fiscales y, en general, a cualquier persona que se interese en conocer las disposiciones fiscales aplicables a tales personas fs̕icas. 
506 1 |a Disponible solo en los productos indicados  |d vLex Global  |d vLex Global (Academic Edition, excluding Law Schools)  |d vLex Global (U.S. Academic Edition, Law Schools)  |d vLex Global (U.S. Academic Edition, excluding Law Schools)  |d vLex Global (Academic Edition, Law Schools) 
650 0 4 |a Derecho Civil  |z Mx̌ico 
650 0 4 |a Derecho Fiscal  |z Mx̌ico 
700 1 |a Fol Olguin, Raymundo 
740 0 |a vLex Libros (Servicio en ln̕ea) 
856 4 0 |u http://vlex.com/source/regimen-fiscal-de-los-ingresos-por-actividades-empresariales-y-profesionales-personas-fisicas-2014-12534  |z Acceso restringido 
942 |c BOOK 
999 0 |a Civil Law 
999 0 |a Tax Law